000 01187nam a2200301 i 4500
003 EG-GICUC
005 20260121101430.0
008 251204s1925 -ge||||fr|||| 00| 0 ger d
040 _aEG-GiCUC
_bger
_cEG-GiCUC
_dEG-GiCUC
_erda
041 _ager
082 0 4 _221
_a341.71040
_bGR
099 _aLaw1 11 341.71040 GR 1925
245 0 4 _aDie Große Politik der Europäischen Kabinette 1871–1914 :
_bSammlung der Diplomatischen Akten des Auswärtigen Amtes.
_n19 Band , Erster Teil,
_pDer Russisch-Japanische Krieg , Erste Hälfte /
_cHerausgegeben im Auftrage des Auswärtigen Amtes.
246 1 _bNeunzehnfer Band
264 1 _aBerlin :
_bDeutsche Verlagsgesellschaft für Politik und Geschichte,
_c1925
300 _a350 pages ;
_c24 cm.
336 _2rda content
_atext
337 _2rda media
_aComputer
338 _2rda carrier
_aOnline Resource
504 _aBibliographische Hinweise
546 _a Text in German
650 1 4 _aInternationale Politik
_xÖffentliches Völkerrecht
_zEurope
_2qrmak
651 1 _2qrmak
710 _aAuswärtigen Amtes
856 4 0 _uhttps://fll.law.cu.edu.eg/fulltext/bks/B11-05296.pdf
905 _a75
_eHassnaa
942 _2ddc
_cBK
_e21
_n0
999 _c48390
_d48390